[Event "Rated Blitz game"]
[Site "?"]
[Date "2021.02.04"]
[Round "?"]
[White "Tactics_for_the_win"]
[Black "frankiejay"]
[Result "1-0"]
[WhiteElo "2377"]
[BlackElo "2453"]
[PlyCount "57"]
[EventDate "2021.??.??"]
[EventType "blitz"]
[TimeControl "180+2"]

1. e4 e5 2. Nf3 Nc6 3. Nc3 Nf6 4. Nxe5 Nxe5 5. d4 Ng6 6. e5 Ng8 7. Bc4 d5 8.
Bxd5 Bb4 9. Qf3 Qe7 10. O-O Bxc3 11. bxc3 Nh6 12. Bxh6 gxh6 13. Bc6+ Kf8 14.
Bxb7 Bxb7 15. Qxb7 Kg7 16. f4 Nh4 17. Qe4 f5 18. Qd3 Rhg8 19. g3 Kh8 20. Kh1
Rg4 21. gxh4 Qxh4 22. Qxf5 Rag8 23. Rf3 Rg2 24. Qh3 Qxh3 25. Rxh3 Rxc2 26. Rxh6
Rxc3 27. f5 Rd3 28. Re1 Rxd4 29. f6 {Time forfeit} 1-0

[Event "Rated Blitz game"]
[Site "?"]
[Date "2021.02.03"]
[Round "?"]
[White "maximsnigurov"]
[Black "Vyka"]
[Result "1-0"]
[WhiteElo "2381"]
[BlackElo "2422"]
[PlyCount "75"]
[EventDate "2021.??.??"]
[EventType "blitz"]
[TimeControl "180"]

1. e4 e5 2. Nf3 Nc6 3. Nc3 Nf6 4. Nxe5 Nxe5 5. d4 Ng6 6. e5 Ng8 7. Bc4 d5 8.
Bxd5 c6 9. Be4 Bb4 10. O-O N8e7 11. Bg5 h6 12. Be3 Nf5 13. Qd3 Nxe3 14. fxe3
Bxc3 15. bxc3 Qg5 16. Rf3 O-O 17. Rg3 Nxe5 18. dxe5 Qxe5 19. Rf1 f5 20. Bf3 Be6
21. Qd4 Qf6 22. a3 a6 23. Qb4 Rf7 24. Bh5 Rd7 25. e4 f4 26. e5 Qxe5 27. Rxf4
Qxh5 28. h3 Qe5 29. Kh2 Rad8 30. Re4 Qf5 31. a4 Bd5 32. Re7 Rxe7 33. Qxe7 Rd7
34. Rxg7+ Kh8 35. Qxd7 Qxd7 36. Rxd7 b5 37. a5 Kg8 38. Ra7 {Normal} 1-0

[Event "Rated Blitz game"]
[Site "?"]
[Date "2021.02.03"]
[Round "?"]
[White "mulnachnit"]
[Black "FeedTheTweed"]
[Result "0-1"]
[WhiteElo "2310"]
[BlackElo "2473"]
[PlyCount "74"]
[EventDate "2021.??.??"]
[EventType "blitz"]
[TimeControl "180"]

1. e4 e5 2. Nc3 Nf6 3. Nf3 Nc6 4. Nxe5 Nxe5 5. d4 Ng6 6. e5 Ng8 7. Bc4 N8e7 8.
Qf3 d5 9. exd6 Qxd6 10. Bxf7+ Kd8 11. Bg5 Be6 12. Bxg6 hxg6 13. O-O-O Kd7 14.
Qxb7 Bd5 15. Nxd5 Qxd5 16. Qxd5+ Nxd5 17. c4 Nf6 18. h4 Ne4 19. Be3 Be7 20. g3
g5 21. hxg5 Bxg5 22. Bxg5 Nxg5 23. f4 Ne4 24. Rxh8 Rxh8 25. g4 Nf2 26. Rf1 Nxg4
27. Rg1 Rh4 28. Kd2 Ke6 29. Kc3 Kf5 30. a4 Rh2 31. a5 Kxf4 32. a6 Rh6 33. Ra1
Nf2 34. Kb4 g5 35. Kb5 Rb6+ 36. Kc5 Ne4+ 37. Kd5 Rd6# {Normal} 0-1

[Event "Rated Blitz game"]
[Site "?"]
[Date "2021.02.03"]
[Round "?"]
[White "forbiddencheapos"]
[Black "Hans_im_Glueck"]
[Result "0-1"]
[WhiteElo "2332"]
[BlackElo "2459"]
[PlyCount "61"]
[EventDate "2021.??.??"]
[EventType "blitz"]
[TimeControl "300"]

1. e4 e5 2. Nf3 Nc6 3. Nc3 Nf6 4. Nxe5 Nxe5 5. d4 Ng6 6. e5 Ng8 7. Bc4 d5 8.
Bxd5 c6 9. Bb3 Be6 10. O-O N8e7 11. f4 h5 12. Ne4 Nf5 13. c3 Be7 14. Qd3 O-O
15. Bd2 a5 16. Rad1 a4 17. Bc2 b5 18. Ng5 Bxg5 19. fxg5 Nfe7 20. b3 axb3 21.
axb3 Ra2 22. c4 bxc4 23. bxc4 Qd7 24. Bb4 Rb8 25. Bxe7 Qxe7 26. d5 cxd5 27.
cxd5 Bxd5 28. Qxd5 Rxc2 29. Rf5 Qc5+ 30. Qxc5 Rxc5 31. Rd2 {Normal} 0-1

[Event "Rated Blitz game"]
[Site "?"]
[Date "2021.02.03"]
[Round "?"]
[White "highway_star"]
[Black "mindiashvili"]
[Result "1-0"]
[WhiteElo "2349"]
[BlackElo "2425"]
[PlyCount "78"]
[EventDate "2021.??.??"]
[EventType "blitz"]
[TimeControl "180"]

1. e4 e5 2. Nf3 Nc6 3. Nc3 Nf6 4. Nxe5 Nxe5 5. d4 Ng6 6. e5 d5 7. exf6 Qxf6 8.
Nxd5 Qd8 9. c4 c6 10. Nc3 Bb4 11. Be2 O-O 12. O-O Re8 13. Be3 Qf6 14. Bf3 Nh4
15. Ne4 Qg6 16. Ng3 Nxf3+ 17. Qxf3 Bg4 18. Qf4 h6 19. h3 Be6 20. b3 Rad8 21.
Rad1 Bd6 22. Qh4 Bxg3 23. Qxg3 Qxg3 24. fxg3 Bxc4 25. bxc4 Rxe3 26. Rf3 Rc3 27.
Rxc3 b6 28. d5 f5 29. Rcd3 c5 30. d6 Rd7 31. Rd5 g6 32. g4 Kg7 33. gxf5 g5 34.
g4 Kf6 35. Re1 Rxd6 36. Rxd6+ Kf7 37. Ree6 h5 38. Rd7+ Kf8 39. Rh6 hxg4 {Normal
} 1-0

[Event "Rated Blitz game"]
[Site "?"]
[Date "2021.02.02"]
[Round "?"]
[White "MiguelThal"]
[Black "UsaninMikhail"]
[Result "0-1"]
[WhiteElo "2372"]
[BlackElo "2484"]
[PlyCount "56"]
[EventDate "2021.??.??"]
[EventType "blitz"]
[TimeControl "180"]

1. e4 e5 2. Nf3 Nc6 3. Nc3 Nf6 4. Nxe5 Nxe5 5. d4 Ng6 6. e5 Ng8 7. Bc4 Bb4 8.
Qf3 Qe7 9. O-O Bxc3 10. bxc3 Nh6 11. Bxh6 gxh6 12. Qe3 O-O 13. f4 Nh4 14. f5
Nxf5 15. Rxf5 d5 16. Rf6 dxc4 17. Qxh6 Be6 18. Raf1 Kh8 19. R1f4 Rg8 20. Rh4
Rg7 21. h3 Rag8 22. g4 Qa3 23. Qd2 Qxa2 24. Rfh6 Qb1+ 25. Kh2 Bd5 26. R4h5 Qh1+
27. Kg3 Qg1+ 28. Kh4 Rxg4+ {Normal} 0-1

[Event "Rated Blitz game"]
[Site "?"]
[Date "2021.02.02"]
[Round "?"]
[White "kahvitauko"]
[Black "Shaginyan_A"]
[Result "1-0"]
[WhiteElo "2403"]
[BlackElo "2444"]
[PlyCount "61"]
[EventDate "2021.??.??"]
[EventType "blitz"]
[TimeControl "180"]

1. e4 e5 2. Nf3 Nf6 3. Nc3 Nc6 4. Nxe5 Nxe5 5. d4 Bd6 6. dxe5 Bxe5 7. Bd3 Bxc3+
8. bxc3 d6 9. O-O h6 10. h3 O-O 11. c4 Be6 12. Bb2 Nd7 13. f4 f5 14. a4 fxe4
15. Bxe4 Bxc4 16. Qd4 Nf6 17. Qxc4+ Kh8 18. Bd3 d5 19. Qd4 b6 20. Qf2 c5 21.
Rad1 d4 22. c3 Nd5 23. cxd4 Rxf4 24. Qg3 Qd6 25. Rxf4 Nxf4 26. Kh2 cxd4 27. Be4
Rf8 28. Rxd4 Qe7 29. Rd6 Kg8 30. Rxh6 Ne2 31. Bd5+ {Normal} 1-0

[Event "Rated Blitz tournament 6JQgCG4y"]
[Site "?"]
[Date "2021.02.02"]
[Round "?"]
[White "ruzomberok"]
[Black "lord_barre"]
[Result "1-0"]
[WhiteElo "2351"]
[BlackElo "2412"]
[PlyCount "87"]
[EventDate "2021.??.??"]
[EventType "blitz"]
[TimeControl "180+2"]

1. e4 e5 2. Nf3 Nc6 3. Nc3 Nf6 4. Nxe5 Nxe5 5. d4 Ng6 6. e5 Ng8 7. Bc4 d5 8.
Bxd5 c6 9. Bb3 Bb4 10. O-O Bxc3 11. bxc3 Be6 12. f4 N8e7 13. g4 Bxb3 14. axb3
O-O 15. f5 Nh8 16. Qf3 Nd5 17. f6 gxf6 18. exf6 Re8 19. Bd2 Ng6 20. h4 Qd6 21.
h5 Nf8 22. Rae1 Kh8 23. Bh6 Nd7 24. Bg7+ Kg8 25. c4 Rxe1 26. Rxe1 N5xf6 27. g5
Qxd4+ 28. Kf1 Ng4 29. Bxd4 Nh2+ 30. Kg2 Nxf3 31. Kxf3 Nf8 32. Kg4 Ne6 33. Bf6
a5 34. g6 hxg6 35. hxg6 Nf8 36. g7 Nh7 37. Kf5 a4 38. bxa4 Ra5+ 39. Re5 Ra8 40.
Re7 Ra5+ 41. Re5 Ra8 42. c5 Nxf6 43. Kxf6 Rd8 44. Rh5 {Time forfeit} 1-0

[Event "Rated Blitz game"]
[Site "?"]
[Date "2021.02.01"]
[Round "?"]
[White "D2287"]
[Black "Nebonik"]
[Result "1-0"]
[WhiteElo "2655"]
[BlackElo "2468"]
[PlyCount "61"]
[EventDate "2021.??.??"]
[EventType "blitz"]
[TimeControl "180+2"]

1. e4 e5 2. Nf3 Nf6 3. Nc3 Nc6 4. Nxe5 Nxe5 5. d4 Ng6 6. e5 Ng8 7. Bc4 Bb4 8.
Qf3 d5 9. Bxd5 Qd7 10. O-O c6 11. Bc4 Qf5 12. Qd1 N8e7 13. Bd3 Qg4 14. Be2 Qh4
15. g3 Qh3 16. Ne4 O-O 17. c4 Rd8 18. a3 Ba5 19. f4 Qd7 20. Nd6 Bc7 21. f5 Nf8
22. c5 Nd5 23. Bc4 Bxd6 24. cxd6 Re8 25. Qg4 Kh8 26. Bd2 b6 27. Rac1 a5 28.
Bxd5 cxd5 29. Rc7 Qb5 30. Rxf7 g6 31. Qh4 {Time forfeit} 1-0

[Event "Rated Blitz tournament gfiGwL45"]
[Site "?"]
[Date "2021.02.01"]
[Round "?"]
[White "LudovicM59"]
[Black "lebedev1966"]
[Result "1-0"]
[WhiteElo "2420"]
[BlackElo "2246"]
[PlyCount "91"]
[EventDate "2021.??.??"]
[EventType "blitz"]
[TimeControl "180"]

1. e4 Nc6 2. Nf3 e5 3. Nc3 Nf6 4. Nxe5 Nxe5 5. d4 Nc6 6. e5 Ng8 7. Bc4 Bb4 8.
O-O Bxc3 9. bxc3 Nge7 10. Re1 O-O 11. d5 Na5 12. Bd3 d6 13. c4 c6 14. Bf4 dxe5
15. Bxe5 cxd5 16. cxd5 Ng6 17. d6 Nc6 18. Bg3 Be6 19. Qh5 Qf6 20. Qb5 Nd8 21.
Be4 Rc8 22. d7 Rc4 23. Bxb7 Nxb7 24. Qxb7 Rd8 25. Rad1 Rxc2 26. Qxa7 h5 27. Qa5
Rxa2 28. Qxh5 Rxd7 29. Rb1 Rd8 30. h4 Qf5 31. Qxf5 Bxf5 32. h5 Nf8 33. Rb7 Ne6
34. Re7 Rda8 35. Rc1 Ra1 36. Rxa1 Rxa1+ 37. Kh2 Kh7 38. Rxf7 Be4 39. Re7 Ng5
40. f3 Nxf3+ 41. gxf3 Bxf3 42. Be5 Bxh5 43. Rxg7+ Kh6 44. Kg3 Ra2 45. Kf4 Ra4+
46. Kf5 {Time forfeit} 1-0

[Event "Rated Blitz game"]
[Site "?"]
[Date "2021.01.31"]
[Round "?"]
[White "forbiddencheapos"]
[Black "Hans_im_Glueck"]
[Result "1-0"]
[WhiteElo "2338"]
[BlackElo "2422"]
[PlyCount "115"]
[EventDate "2021.??.??"]
[EventType "blitz"]
[TimeControl "300"]

1. e4 e5 2. Nf3 Nc6 3. Nc3 Nf6 4. Nxe5 Nxe5 5. d4 Ng6 6. e5 Ng8 7. Bc4 d5 8.
Bxd5 c6 9. Bb3 Be6 10. O-O N8e7 11. f4 h5 12. Ne4 Nf5 13. c3 Bd5 14. Ng5 Be7
15. Qd3 Qd7 16. c4 Be6 17. Nxe6 fxe6 18. d5 cxd5 19. cxd5 exd5 20. e6 Qxe6 21.
Bxd5 Qd7 22. Bf7+ Kd8 23. Qxd7+ Kxd7 24. Bxg6 Bc5+ 25. Kh1 Ne7 26. Be4 Kc7 27.
Bd2 Nc6 28. Rac1 Bd4 29. Bxc6 bxc6 30. Bc3 Bxc3 31. Rxc3 Rad8 32. Rfc1 Rd6 33.
h4 Re8 34. R1c2 Re4 35. g3 Red4 36. Kg2 Rd2+ 37. Kf3 Rxc2 38. Rxc2 Rd3+ 39. Kf2
g6 40. Re2 Kd6 41. b4 Rd4 42. a3 Rd3 43. Re3 Rd2+ 44. Kf3 Kd5 45. Rc3 Ra2 46.
Rc5+ Kd6 47. Ra5 Rc2 48. Rxa7 Rc3+ 49. Kg2 Kd5 50. Ra5+ Ke6 51. Rg5 Kf6 52. Rc5
Rxa3 53. Rxc6+ Kf5 54. b5 Rb3 55. b6 Rb1 56. Kf3 Rb3+ 57. Kf2 Rb1 58. Ke2 {
Time forfeit} 1-0

[Event "Rated Blitz tournament NGXs5waO"]
[Site "?"]
[Date "2021.01.31"]
[Round "?"]
[White "IAmED"]
[Black "jdac23"]
[Result "1/2-1/2"]
[WhiteElo "2461"]
[BlackElo "2359"]
[PlyCount "163"]
[EventDate "2021.??.??"]
[EventType "blitz"]
[TimeControl "180+2"]

1. e4 e5 2. Nf3 Nc6 3. Nc3 Nf6 4. Nxe5 Nxe5 5. d4 d6 6. dxe5 dxe5 7. Qxd8+ Kxd8
8. Bc4 Be7 9. Bxf7 c6 10. f3 Kc7 11. Bd2 Rf8 12. Bc4 Bd7 13. O-O-O Rad8 14. Be1
Nh5 15. Bg3 Nxg3 16. hxg3 h6 17. Kb1 Bb4 18. Ne2 Bc8 19. g4 Bc5 20. Ng3 Be3 21.
c3 Bf4 22. Nh5 Rxd1+ 23. Rxd1 g5 24. Nxf4 Rxf4 25. Kc2 Rf6 26. b4 Rd6 27. Ra1
Be6 28. Bd3 b6 29. Be2 Bf7 30. a4 a5 31. bxa5 bxa5 32. Rb1 Rd8 33. Ba6 Rb8 34.
Rh1 Bb3+ 35. Kd2 Bxa4 36. Rxh6 Rb2+ 37. Kd3 Rxg2 38. Rg6 Bd1 39. Rg7+ Kb6 40.
Bc8 Bxf3 41. Kc4 Be2+ 42. Kb3 Bxg4 43. Bf5 Bxf5 44. exf5 e4 45. f6 Rf2 46. f7
e3 47. Rxg5 Rxf7 48. Re5 Rf3 49. Ka4 Rh3 50. c4 Rh4 51. Rxe3 Rxc4+ 52. Kb3 Rb4+
53. Ka3 Rh4 54. Kb3 Kb5 55. Ka3 c5 56. Kb3 Rd4 57. Ka3 a4 58. Kb2 Kb4 59. Re2
Rd3 60. Kc2 Rc3+ 61. Kb2 a3+ 62. Ka2 c4 63. Rf2 Rd3 64. Rh2 Rg3 65. Rf2 Rd3 66.
Rh2 Kc3 67. Kxa3 Rd2 68. Rh3+ Rd3 69. Rh2 Rg3 70. Ka2 Re3 71. Rg2 Kd3 72. Kb2
c3+ 73. Kb3 Rf3 74. Rh2 Rg3 75. Rh8 Kd2 76. Rh2+ Kd3 77. Rh8 Rf3 78. Rd8+ Ke2
79. Kc2 Re3 80. Rc8 Kf2 81. Rxc3 Rxc3+ 82. Kxc3 {Normal} 1/2-1/2

[Event "Rated Blitz tournament NGXs5waO"]
[Site "?"]
[Date "2021.01.31"]
[Round "?"]
[White "IAmED"]
[Black "jdac23"]
[Result "0-1"]
[WhiteElo "2448"]
[BlackElo "2342"]
[PlyCount "92"]
[EventDate "2021.??.??"]
[EventType "blitz"]
[TimeControl "180+2"]

1. e4 e5 2. Nf3 Nc6 3. Nc3 Nf6 4. Nxe5 Nxe5 5. d4 Ng6 6. e5 Ng8 7. Bc4 Bb4 8.
f4 N8e7 9. O-O Bxc3 10. bxc3 d5 11. Bd3 Bf5 12. Ba3 Bxd3 13. Qxd3 Qd7 14. f5
Nf8 15. e6 fxe6 16. fxe6 Nxe6 17. Rae1 O-O-O 18. Rf7 Rde8 19. Qh3 Rhf8 20. Rxe7
Rxe7 21. Bxe7 Qxe7 22. Rxe6 Qd7 23. Qe3 b6 24. Re7 Qf5 25. h3 Qxc2 26. Rxg7 Rd8
27. h4 a5 28. h5 a4 29. Qg3 Qd1+ 30. Kh2 Qxh5+ 31. Qh3+ Qxh3+ 32. Kxh3 Rd7 33.
Rg8+ Kb7 34. g4 Kc6 35. g5 Kb5 36. Rf8 Kc4 37. Rf3 c5 38. dxc5 bxc5 39. Kg4 d4
40. cxd4 cxd4 41. Rf1 d3 42. Rc1+ Kd4 43. Kf3 d2 44. Rh1 Kd3 45. Kf2 Rf7+ 46.
Kg3 Kc2 {Normal} 0-1

[Event "Rated Blitz tournament zLvLgOux"]
[Site "?"]
[Date "2021.01.31"]
[Round "?"]
[White "FallschirmSpringer"]
[Black "ChrolloL"]
[Result "1-0"]
[WhiteElo "2504"]
[BlackElo "2584"]
[PlyCount "99"]
[EventDate "2021.??.??"]
[EventType "blitz"]
[TimeControl "300"]

1. e4 e5 2. Nf3 Nc6 3. Nc3 Nf6 4. Nxe5 Nxe5 5. d4 Ng6 6. e5 Ng8 7. Bc4 d6 8.
Qf3 Qd7 9. O-O c6 10. exd6 Bxd6 11. Re1+ Kf8 12. Bg5 h6 13. Bd8 Qf5 14. Ne4 Be7
15. Qe2 Be6 16. Bxe7+ N6xe7 17. Bd3 Qd5 18. Nc5 Qxd4 19. Nxe6+ fxe6 20. Qxe6
Qd5 21. Qe3 Qg5 22. Qe6 Qf6 23. Qd7 h5 24. Re6 Qxb2 25. Rae1 Rh6 26. Bc4 Rxe6
27. Qxe6 Qf6 28. Qd7 g6 29. h3 b5 30. Bb3 a5 31. Re6 Qa1+ 32. Kh2 Qg7 33. a4
bxa4 34. Bxa4 Nf5 35. Qxc6 Qa7 36. Rxg6 Nfe7 37. Qf3+ Nf5 38. Qxf5+ Qf7 39.
Rxg8+ Kxg8 40. Bb3 Qxb3 41. cxb3 Rf8 42. Qg5+ Kf7 43. Qxh5+ Ke7 44. Qg4 Rf6 45.
Qg3 Kf7 46. Qg5 Rf5 47. Qxf5+ Ke7 48. Qf4 Kd7 49. Qc4 Kd6 50. Qb5 {Time forfeit
} 1-0

[Event "Rated Blitz tournament zLvLgOux"]
[Site "?"]
[Date "2021.01.31"]
[Round "?"]
[White "FallschirmSpringer"]
[Black "Meskenas"]
[Result "1/2-1/2"]
[WhiteElo "2528"]
[BlackElo "2584"]
[PlyCount "62"]
[EventDate "2021.??.??"]
[EventType "blitz"]
[TimeControl "300"]

1. e4 e5 2. Nf3 Nc6 3. Nc3 Nf6 4. Nxe5 Nxe5 5. d4 Nc6 6. d5 Bb4 7. dxc6 bxc6 8.
Bd3 d5 9. exd5 O-O 10. O-O Bg4 11. f3 Bh5 12. dxc6 Qd4+ 13. Kh1 Bxc3 14. bxc3
Qxc3 15. Bf4 Qxc6 16. Qe1 Bg6 17. Qa5 Bxd3 18. cxd3 Rfd8 19. Rac1 Qd5 20. Qxd5
Nxd5 21. Bxc7 Nxc7 22. Rxc7 Rxd3 23. h3 Ra3 24. Rd1 Rxa2 25. Rdd7 Rf8 26. Rxa7
Rxa7 27. Rxa7 h5 28. Kh2 g6 29. Kg3 Kg7 30. Kh4 Rc8 31. Kg3 Rc4 {Normal}
1/2-1/2

[Event "Rated Blitz game"]
[Site "?"]
[Date "2021.01.30"]
[Round "?"]
[White "forbiddencheapos"]
[Black "Goranor"]
[Result "1-0"]
[WhiteElo "2333"]
[BlackElo "2474"]
[PlyCount "35"]
[EventDate "2021.??.??"]
[EventType "blitz"]
[TimeControl "300"]

1. e4 e5 2. Nf3 Nc6 3. Nc3 Nf6 4. Nxe5 Nxe5 5. d4 Bb4 6. dxe5 Nxe4 7. Qg4 d5 8.
Qxg7 Rf8 9. Bh6 Be6 10. Bd3 Nxc3 11. bxc3 Bxc3+ 12. Ke2 Bb4 13. Rab1 Be7 14.
Rxb7 a6 15. Rhb1 Qc8 16. Bxa6 d4 17. Bb5+ c6 18. Bd3 {Normal} 1-0

[Event "Rated Blitz game"]
[Site "?"]
[Date "2021.01.30"]
[Round "?"]
[White "kingsolver2018"]
[Black "Shaginyan_A"]
[Result "0-1"]
[WhiteElo "2355"]
[BlackElo "2432"]
[PlyCount "30"]
[EventDate "2021.??.??"]
[EventType "blitz"]
[TimeControl "180"]

1. e4 e5 2. Nf3 Nf6 3. Nc3 Nc6 4. Nxe5 Nxe5 5. d4 Bd6 6. dxe5 Bxe5 7. Bd3 Bxc3+
8. bxc3 d6 9. O-O O-O 10. h3 h6 11. c4 Re8 12. Qf3 Nd7 13. Bb2 Ne5 14. Qg3 Qg5
15. Qh2 Nf3+ {Normal} 0-1

[Event "Rated Blitz game"]
[Site "?"]
[Date "2021.01.30"]
[Round "?"]
[White "Djprem0ve"]
[Black "LittlePumpkin"]
[Result "0-1"]
[WhiteElo "2400"]
[BlackElo "2547"]
[PlyCount "54"]
[EventDate "2021.??.??"]
[EventType "blitz"]
[TimeControl "180"]

1. e4 e5 2. Nf3 Nc6 3. Nc3 Nf6 4. Nxe5 Nxe5 5. d4 Ng6 6. e5 Ng8 7. Bc4 c6 8.
Qf3 d5 9. exd6 Qf6 10. Qe2+ Be6 11. Ne4 Qxd4 12. Bxe6 fxe6 13. Ng5 Qe5 14. d7+
Kxd7 15. Be3 Ke8 16. O-O-O Bc5 17. Nf3 Bxe3+ 18. fxe3 Qc7 19. Ng5 Qe7 20. Ne4
Nf6 21. Nd6+ Kf8 22. e4 Ne5 23. Rhf1 Kg8 24. Nc4 Nxc4 25. Qxc4 Re8 26. Rd2 Ng4
27. Rf3 Ne5 {Normal} 0-1

[Event "Rated Blitz tournament rIUnOmJ3"]
[Site "?"]
[Date "2021.01.30"]
[Round "?"]
[White "DePaz_Deorico"]
[Black "Orakul135"]
[Result "1/2-1/2"]
[WhiteElo "2205"]
[BlackElo "2484"]
[PlyCount "86"]
[EventDate "2021.??.??"]
[EventType "blitz"]
[TimeControl "180"]

1. e4 e5 2. Nf3 Nc6 3. Nc3 Nf6 4. Nxe5 Nxe5 5. d4 Nc6 6. d5 Ne5 7. f4 Bd6 8.
fxe5 Bxe5 9. Bd3 O-O 10. O-O d6 11. Ne2 Ng4 12. h3 Qh4 13. Bf4 Bxf4 14. Rxf4 g5
15. Rxg4 Bxg4 16. hxg4 Qxg4 17. Nd4 Qf4 18. Qf1 Qe5 19. c3 Kh8 20. Nf5 Rg8 21.
g4 Raf8 22. Kg2 Rg6 23. Re1 c6 24. dxc6 bxc6 25. Re2 Re6 26. c4 a5 27. b3 a4
28. bxa4 Ra8 29. Ng3 Rf6 30. Rf2 Rxf2+ 31. Qxf2 Kg8 32. Nf5 Rxa4 33. Nh6+ Kg7
34. Nxf7 Qf6 35. Qxf6+ Kxf6 36. Nxd6 Rxa2+ 37. Kf3 Ke5 38. Nf5 Ra3 39. Ke3 c5
40. Nh6 Ra7 41. Nf5 Ra3 42. Nh6 Ra7 43. Nf5 Ra3 {Normal} 1/2-1/2

[Event "Rated Blitz game"]
[Site "?"]
[Date "2021.01.29"]
[Round "?"]
[White "vladlitus"]
[Black "Davor_Rogic"]
[Result "1-0"]
[WhiteElo "2322"]
[BlackElo "2479"]
[PlyCount "60"]
[EventDate "2021.??.??"]
[EventType "blitz"]
[TimeControl "180"]

1. e4 e5 2. Nc3 Nc6 3. Nf3 Nf6 4. Nxe5 Nxe5 5. d4 Nc6 6. d5 Nb8 7. e5 Ng8 8. d6
cxd6 9. exd6 Nc6 10. Qe2+ Be7 11. Bg5 f6 12. Bf4 Nd4 13. Qd2 Ne6 14. dxe7 Nxe7
15. Bd6 O-O 16. Bc4 Re8 17. O-O-O Nc6 18. f4 Kh8 19. Qf2 f5 20. Rd5 Ne7 21.
Bxe7 Qxe7 22. Rxf5 a6 23. Nd5 Qd8 24. Nb6 Rb8 25. Re1 d6 26. Rf7 Nc5 27. Rxe8+
Qxe8 28. Qg3 Bg4 29. b4 Ne6 30. Qxg4 Qe7 {Normal} 1-0

[Event "Rated Blitz game"]
[Site "?"]
[Date "2021.01.29"]
[Round "?"]
[White "forbiddencheapos"]
[Black "A99moves"]
[Result "1-0"]
[WhiteElo "2344"]
[BlackElo "2402"]
[PlyCount "89"]
[EventDate "2021.??.??"]
[EventType "blitz"]
[TimeControl "300"]

1. e4 Nf6 2. Nc3 e5 3. Nf3 Nc6 4. Nxe5 Nxe5 5. d4 Ng6 6. e5 Ng8 7. Bc4 d5 8.
Bxd5 c6 9. Bb3 Bb4 10. O-O Bxc3 11. bxc3 Be6 12. c4 N8e7 13. f4 Kf8 14. a4 Kg8
15. Ba3 h5 16. c3 Nf5 17. Qd3 Nge7 18. Rad1 Qb6 19. Rb1 g6 20. Bc5 Qc7 21. Rfd1
Rd8 22. Ba2 Kg7 23. Ba3 Qa5 24. Bb3 Rd7 25. Bb4 Qa6 26. a5 b6 27. axb6 axb6 28.
Ra1 Qc8 29. Qe4 c5 30. d5 cxb4 31. cxb4 Rhd8 32. dxe6 Rd4 33. Rxd4 Nxd4 34. Bd1
Qxc4 35. exf7 Ne2+ 36. Qxe2 Qd4+ 37. Kf1 Qxa1 38. Ke1 Qd4 39. f8=Q+ Kxf8 40.
Bc2 Qc3+ 41. Kf1 Nd5 42. Be4 Ne3+ 43. Kf2 Ng4+ 44. Kf1 Rd2 45. Qe1 {Time
forfeit} 1-0

[Event "Rated Blitz game"]
[Site "?"]
[Date "2021.01.28"]
[Round "?"]
[White "kiborg2007"]
[Black "Arps89"]
[Result "1-0"]
[WhiteElo "2458"]
[BlackElo "2500"]
[PlyCount "111"]
[EventDate "2021.??.??"]
[EventType "blitz"]
[TimeControl "180"]

1. e4 e5 2. Nf3 Nc6 3. Nc3 Nf6 4. Nxe5 Nxe5 5. d4 Nc6 6. d5 Bb4 7. dxc6 O-O 8.
cxd7 Bxd7 9. Bd3 Bc6 10. f3 Nh5 11. O-O Bc5+ 12. Kh1 Qf6 13. Qe1 Nf4 14. Bxf4
Qxf4 15. Ne2 Qh6 16. Qg3 Rfe8 17. e5 Rad8 18. Rae1 Bb4 19. Rd1 Qe3 20. Qh4 Rxd3
21. cxd3 Bc5 22. d4 Be7 23. Qf2 Qh6 24. Ng3 Bd7 25. d5 Bh4 26. Rfe1 b6 27. a3
g6 28. Re4 f5 29. Nxf5 Bxf5 30. Rxh4 Qg7 31. f4 g5 32. Rh5 h6 33. fxg5 Bg4 34.
gxh6 Qg6 35. h7+ Kh8 36. e6 Bxh5 37. Rf1 Kxh7 38. Qf4 Rg8 39. Qd2 Qg5 40. Qxg5
Rxg5 41. d6 Kh6 42. dxc7 Rc5 43. b4 Be8 44. h3 Rxc7 45. e7 Rxe7 46. Rf6+ Kh5
47. Rf3 Re2 48. Rg3 Kh4 49. Kh2 Kh5 50. Rg4 Bd7 51. Rh4+ Kg6 52. Rg4+ Kf7 53.
Rg3 Ke8 54. Rf3 Be6 55. Re3 Kd7 56. Re4 {Time forfeit} 1-0

[Event "Rated Blitz game"]
[Site "?"]
[Date "2021.01.28"]
[Round "?"]
[White "Djprem0ve"]
[Black "DiogenesSinopeus"]
[Result "0-1"]
[WhiteElo "2404"]
[BlackElo "2445"]
[PlyCount "46"]
[EventDate "2021.??.??"]
[EventType "blitz"]
[TimeControl "180"]

1. e4 e5 2. Nc3 Nc6 3. Nf3 Nf6 4. Nxe5 Nxe5 5. d4 Ng6 6. e5 Ng8 7. Bc4 d5 8.
Bxd5 c6 9. Bb3 Be6 10. O-O N8e7 11. Ne4 Nf5 12. Bxe6 fxe6 13. c3 Be7 14. g4
Nfh4 15. f4 O-O 16. f5 exf5 17. gxf5 Rxf5 18. Rxf5 Nxf5 19. Qg4 Qc8 20. Qh3 Qe6
21. Bg5 Nxd4 22. Qh5 Qxe5 23. Re1 Bxg5 {Normal} 0-1

[Event "Rated Rapid game"]
[Site "?"]
[Date "2021.01.27"]
[Round "?"]
[White "brunosten"]
[Black "Beastofuyo"]
[Result "0-1"]
[WhiteElo "2481"]
[BlackElo "2360"]
[PlyCount "48"]
[EventDate "2021.??.??"]
[EventType "rapid"]
[TimeControl "600"]

1. e4 e5 2. Nf3 Nc6 3. Nc3 Nf6 4. Nxe5 Nxe5 5. d4 Ng6 6. e5 Ng8 7. Bc4 d5 8.
Bxd5 N8e7 9. Bb3 Nf5 10. Ne2 c5 11. c3 cxd4 12. cxd4 Bb4+ 13. Bd2 Bxd2+ 14.
Qxd2 O-O 15. f4 Qb6 16. O-O-O Be6 17. d5 Rfd8 18. Nc3 Ne3 19. Rde1 Nxd5 20.
Bxd5 Bxd5 21. Nxd5 Qc5+ 22. Qc2 Rxd5 23. Qxc5 Rxc5+ 24. Kb1 Nxf4 {Normal} 0-1

[Event "Rated Blitz game"]
[Site "?"]
[Date "2021.01.27"]
[Round "?"]
[White "laNoviadeChucky"]
[Black "Ludwig32"]
[Result "0-1"]
[WhiteElo "2301"]
[BlackElo "2402"]
[PlyCount "126"]
[EventDate "2021.??.??"]
[EventType "blitz"]
[TimeControl "180+2"]

1. e4 e5 2. Nf3 Nc6 3. Nc3 Nf6 4. Nxe5 Nxe5 5. d4 Ng6 6. e5 Ng8 7. Bc4 d6 8.
Qf3 Qd7 9. O-O c6 10. exd6 Bxd6 11. Ne4 Be7 12. Qxf7+ Kd8 13. Bg5 Nh6 14. Qxg7
Bxg5 15. Qxd7+ Bxd7 16. Nxg5 Kc7 17. Rae1 Nf5 18. c3 Nd6 19. Be6 Nf4 20. Bxd7
Kxd7 21. Re3 h6 22. Nf3 Rhg8 23. Ne5+ Kc7 24. g3 Nd5 25. Rf3 Raf8 26. Rxf8 Rxf8
27. f4 h5 28. h3 b5 29. Kh2 h4 30. g4 Rxf4 31. Rxf4 Nxf4 32. Nf3 Ng6 33. b3 Ne4
34. c4 b4 35. Kg1 Nc3 36. Ne5 Nxe5 37. dxe5 Kd7 38. g5 Ke6 39. g6 Ne4 40. Kg2
Kxe5 41. Kf3 Kf5 42. g7 Nf6 43. Ke3 c5 44. Kf3 a5 45. Ke3 Kg6 46. Kf4 Kxg7 47.
Ke5 Kg6 48. Kd6 Ne4+ 49. Kd5 Nf2 50. Kxc5 Nxh3 51. Kd6 Ng5 52. c5 Ne4+ 53. Kd5
Nxc5 54. Kxc5 h3 55. Kb5 h2 56. Kxa5 h1=Q 57. Ka4 Qa8+ 58. Kxb4 Qxa2 59. Kc3
Kf5 60. Kc4 Ke5 61. Kb4 Kd5 62. Kc3 Kc5 63. b4+ Kb5 {Normal} 0-1

[Event "Rated Blitz tournament dpdlbFSN"]
[Site "?"]
[Date "2021.01.27"]
[Round "?"]
[White "Raffael89"]
[Black "gameoverbro"]
[Result "0-1"]
[WhiteElo "2310"]
[BlackElo "2528"]
[PlyCount "62"]
[EventDate "2021.??.??"]
[EventType "blitz"]
[TimeControl "180"]

1. e4 e5 2. Nf3 Nf6 3. Nc3 Nc6 4. Nxe5 Nxe5 5. d4 Ng6 6. e5 Ng8 7. Bc4 Bb4 8.
Qf3 Bxc3+ 9. bxc3 d5 10. exd6 Be6 11. Qxb7 cxd6 12. Bb5+ Kf8 13. Ba3 Rb8 14.
Qc6 N8e7 15. Bxd6 Rb6 16. Bxe7+ Qxe7 17. Qa8+ Bc8+ 18. Kd2 Qg5+ 19. Kd1 Ne7 20.
Bd3 g6 21. Re1 Kg7 22. Qxa7 Rb7 23. Qa3 Nd5 24. g3 Bg4+ 25. Be2 Ra8 26. Qc5
Rxa2 27. Rc1 Rc7 28. f4 Qh5 29. Qd6 Nxc3+ 30. Kd2 Ne4+ 31. Ke3 Nxd6 {Normal}
0-1